|
|
|
|
| LEADER |
01053nam a22002537a 4500 |
| 001 |
5308 |
| 003 |
BD-DhAAL |
| 008 |
151222s2001 ii a|||| |||| 001 0 eng d |
| 020 |
|
|
|a 8174362363
|
| 040 |
|
|
|a BD-DhAAL
|c BD-DhAAL
|
| 082 |
|
|
|a 658.314
|
| 100 |
|
|
|a Trish Nicholson
|9 16899
|
| 245 |
|
|
|a 52 ways to motivate your staff /
|c Nicholson, Trish
|
| 260 |
|
|
|a New Delhi :
|b Roli Books,
|c 2001
|
| 300 |
|
|
|a xxiv, 232 p. :
|b ill. ;
|c 22 cm.
|
| 500 |
|
|
|a Includes index
|
| 541 |
|
|
|e 5308
|
| 650 |
|
|
|a Employee motivation.
|9 16900
|
| 650 |
|
|
|a BUSINESS & ECONOMICS
|x Workplace Culture.
|9 16901
|
| 650 |
|
|
|a BUSINESS & ECONOMICS
|x Human Resources & Personnel Management.
|9 16902
|
| 942 |
|
|
|2 ddc
|c BK
|
| 999 |
|
|
|c 36429
|d 36429
|
| 952 |
|
|
|0 0
|1 0
|2 ddc
|4 0
|6 658_314000000000000_TRI
|7 0
|9 57329
|a SCL
|b SCL
|c GEN
|d 2015-12-22
|g 511.00
|l 1
|m 10
|o 658.314 TRI
|p 3020005308
|r 2019-07-15
|s 2019-05-26
|t 1
|w 2015-12-22
|y BK
|
| 952 |
|
|
|0 0
|1 0
|2 ddc
|4 0
|6 658_314000000000000_TRI
|7 0
|9 57345
|a SCL
|b SCL
|c GEN
|d 2015-12-22
|g 430.00
|l 5
|m 24
|o 658.314 TRI
|p 3020004271
|r 2024-04-03
|s 2024-01-21
|t 2
|w 2015-12-22
|y BK
|